| 000 | 00857nam a22002177a 4500 | ||
|---|---|---|---|
| 999 |
_c10302 _d10302 |
||
| 003 | AR-CdUCM | ||
| 008 | 190329b ||||| |||| 00| 0 spa d | ||
| 040 |
_aMUNICIPALIDAD PROVINCIAL DEL CUSCO _cBIBLIOTECA MUNICIPAL DEL CUSCO |
||
| 082 |
_a342.8 / _bD89 / 1961 |
||
| 100 |
_aGarcia Calderon, Manuel _927090 |
||
| 245 |
_aRepertorio de derecho internacional privado : _bJurisprudencia, legislación, concordancias y notas / |
||
| 260 |
_aLima _bImprenta UNSM, _c1961. |
||
| 300 |
_a310 paginas ; _c30 cm. |
||
| 505 | _aContenido : Competencia legislativa - ley aplicable -- Competencia jurisdiccional -- Exhorto y sentencias -- Derechos de los extranjeros -- La ley extranjera... | ||
| 650 |
_aEstado civil _97383 |
||
| 650 |
_aLeyes _94808 |
||
| 650 |
_aResoluciones _924653 |
||
| 650 |
_aPoder judicial _96955 |
||
| 942 |
_2ddc _cLIBROS |
||
| 945 | _awnts | ||